<?xml version="1.0" encoding="UTF-8"?>
<record
    xmlns:xsi="http://www.w3.org/2001/XMLSchema-instance"
    xsi:schemaLocation="http://www.loc.gov/MARC21/slim http://www.loc.gov/standards/marcxml/schema/MARC21slim.xsd"
    xmlns="http://www.loc.gov/MARC21/slim">

  <leader>01103nam a2200241 i 4500</leader>
  <controlfield tag="001">32089</controlfield>
  <controlfield tag="003">ES-MaACL</controlfield>
  <controlfield tag="005">20250718062534.0</controlfield>
  <controlfield tag="007">t|</controlfield>
  <controlfield tag="008">030217s1874    sp           ||||1| spa d</controlfield>
  <datafield tag="100" ind1="1" ind2=" ">
    <subfield code="a">Canalejas, Francisco de Paula,</subfield>
    <subfield code="d">1834-1883</subfield>
    <subfield code="e">aut</subfield>
    <subfield code="9">34381</subfield>
  </datafield>
  <datafield tag="245" ind1="1" ind2="0">
    <subfield code="a">Discurso le&#xED;do en la Universidad de Madrid en el acto de la apertura del curso acad&#xE9;mico de 1874 a 1875 / </subfield>
    <subfield code="c">por Francisco de Paula Canalejas [Tema: El desconocimiento y la falta de voluntad, causa de los males presentes].</subfield>
  </datafield>
  <datafield tag="260" ind1=" " ind2=" ">
    <subfield code="a">Madrid : </subfield>
    <subfield code="b">Universidad de Madrid, </subfield>
    <subfield code="c">1874</subfield>
    <subfield code="f">(Imp. Jos&#xE9; Ducazcal)</subfield>
  </datafield>
  <datafield tag="300" ind1=" " ind2=" ">
    <subfield code="a">51 p&#xE1;ginas ; </subfield>
    <subfield code="c">26 cm.</subfield>
  </datafield>
  <datafield tag="650" ind1=" " ind2="7">
    <subfield code="a">&#xC9;tica</subfield>
    <subfield code="2">embne</subfield>
    <subfield code="9">12577</subfield>
  </datafield>
  <datafield tag="710" ind1="2" ind2=" ">
    <subfield code="a">Universidad de Madrid.</subfield>
    <subfield code="e">edt</subfield>
    <subfield code="9">7205</subfield>
  </datafield>
  <datafield tag="740" ind1="3" ind2="2">
    <subfield code="a">El desconocimiento y la falta de voluntad, causa de los males presentes</subfield>
  </datafield>
  <datafield tag="852" ind1=" " ind2=" ">
    <subfield code="a">ES-MaACL</subfield>
    <subfield code="c">DEPOF</subfield>
    <subfield code="j">T-169-F-10</subfield>
  </datafield>
  <datafield tag="852" ind1=" " ind2=" ">
    <subfield code="a">ES-MaACL</subfield>
    <subfield code="c">DEPOF</subfield>
    <subfield code="f">Sello de Los Escolares M&#xE9;dicos</subfield>
    <subfield code="f">Sello de Manuel de Tolosa y Latour</subfield>
    <subfield code="h">Donativo de Manuel Tolosa Latour </subfield>
    <subfield code="j">T-385-F-19    </subfield>
  </datafield>
  <datafield tag="942" ind1=" " ind2=" ">
    <subfield code="2">udc</subfield>
    <subfield code="c">FOLLETOS</subfield>
    <subfield code="n">0</subfield>
  </datafield>
  <datafield tag="999" ind1=" " ind2=" ">
    <subfield code="c">32089</subfield>
    <subfield code="d">32089</subfield>
  </datafield>
  <datafield tag="952" ind1=" " ind2=" ">
    <subfield code="0">0</subfield>
    <subfield code="1">0</subfield>
    <subfield code="2">udc</subfield>
    <subfield code="4">0</subfield>
    <subfield code="7">0</subfield>
    <subfield code="8">Colecci&#xF3;n_de_folletos</subfield>
    <subfield code="a">ATENEOM</subfield>
    <subfield code="b">ATENEOM</subfield>
    <subfield code="c">DEPOF</subfield>
    <subfield code="d">2008-01-17</subfield>
    <subfield code="e">DONACION</subfield>
    <subfield code="l">0</subfield>
    <subfield code="o">T-385-F-19</subfield>
    <subfield code="p">1033210</subfield>
    <subfield code="r">2023-02-23 00:00:00</subfield>
    <subfield code="y">FOLLETOS</subfield>
  </datafield>
  <datafield tag="952" ind1=" " ind2=" ">
    <subfield code="0">0</subfield>
    <subfield code="1">0</subfield>
    <subfield code="2">udc</subfield>
    <subfield code="4">0</subfield>
    <subfield code="7">0</subfield>
    <subfield code="8">Colecci&#xF3;n_de_folletos</subfield>
    <subfield code="a">ATENEOM</subfield>
    <subfield code="b">ATENEOM</subfield>
    <subfield code="c">DEPOF</subfield>
    <subfield code="d">2008-01-17</subfield>
    <subfield code="l">0</subfield>
    <subfield code="o">T-169-F-10</subfield>
    <subfield code="p">1033209</subfield>
    <subfield code="r">2023-02-23 00:00:00</subfield>
    <subfield code="y">FOLLETOS</subfield>
  </datafield>
</record>
